| 000 | 00706nam a2200205Ii 4500 | ||
|---|---|---|---|
| 003 | JO-AjNU | ||
| 008 | 230605s9999||||xx |||||||||||||| ||und|| | ||
| 040 |
_aJO-AjNU _bara _erda _cJO-AjNU |
||
| 041 | _aara | ||
| 050 | 1 | 4 | _aBD422.1954 |
| 100 | 3 |
_aفندلاي،ارثر؛ ابو الخير،احمد فهمي ترجمة, _eauthor _938291 |
|
| 245 | 0 | 0 | _aعلى حافة العالم الاثيري أو الحياة بعد الموت تفسر تفسيرا علميا |
| 250 | _aط3 | ||
| 264 | 3 | 1 | _aبيروت:دار يوسف ، 1954 |
| 300 | _a203ص | ||
| 336 |
_atext _btxt _2rdacontent |
||
| 337 |
_aunmediated _bn _2rdamedia |
||
| 338 |
_avolume _bnc _2rdacarrier |
||
| 650 | 4 |
_aالروح _938292 |
|
| 999 |
_aA16075 _c19643 _d19643 |
||